书目信息 |
| 题名: |
硕士研究生入学考试应试教程
|
|
| 作者: | 王美兰 编辑 | |
| 分册: | 英语分册 | |
| 出版信息: | 北京 科学技术文献出版社 2001 |
|
| 页数: | 564页 | |
| 开本: | 26cm | |
| 丛书名: | ||
| 单 册: | ||
| 中图分类: | G643.6 , H31 | |
| 科图分类: | ||
| 主题词: | 教育--各级 , 英语 | |
| 电子资源: | ||
| ISBN: | ||
| 000 | 00711nam0 2200241 450 | |
| 001 | 0740156860 | |
| 005 | 20070713144048.50 | |
| 010 | @dCNY42.00@z7-5023-3028-5 | |
| 100 | @a20070707d2001 km y0chiy0120 ea | |
| 101 | 0 | @achi |
| 102 | @aCN@b110000 | |
| 200 | 1 | @a硕士研究生入学考试应试教程@Ashuo shi yan jiu sheng ru xue kao shi ying shi jiao cheng@h英语分册@f王美兰等编辑@Fwang mei lan deng bian ji |
| 205 | @a3版 | |
| 210 | @a北京@c科学技术文献出版社@d2001 | |
| 215 | @a564页@d26cm | |
| 300 | @a2002年考研辅导教材 | |
| 606 | 0 | @a教育@x各级 |
| 606 | 0 | @a英语 |
| 690 | @aG643.6@v3 | |
| 690 | @aH31@v3 | |
| 701 | 0 | @a王美兰@Awang mei lan@4编辑 |
| 801 | 0 | @aCN@bPFT@c20070713 |
| 905 | @a10447@dG643.6@e373 | |
| 硕士研究生入学考试应试教程.英语分册/王美兰等编辑.-3版.-北京:科学技术文献出版社,2001 |
| 564页;26cm |
| 2002年考研辅导教材 |
| ISBN :CNY42.00 |
| ● |
| 相关链接 |
|
|
|
|
正题名:硕士研究生入学考试应试教程
索取号:G643.6/373
 
预约/预借
| 序号 | 登录号 | 条形码 | 馆藏地/架位号 | 状态 | 备注 |
| 1 | 0766874 | 207668745 | 第一样本阅览室/ [索取号:G643.6/373] | 在馆 |